| 000 | 01332cam a22003014a 4500 | ||
|---|---|---|---|
| 001 | 11988966 | ||
| 003 | GBCCL | ||
| 005 | 20241126110425.0 | ||
| 008 | 000428s2000 mou b 001 0beng | ||
| 010 | _a 00009354 | ||
| 020 | _a0570042712 | ||
| 040 |
_aDLC _cDLC _dDLC |
||
| 042 | _apcc | ||
| 043 | _an-us-mo | ||
| 050 | 0 | 0 |
_aBX8080.W3 _bS85 2000 |
| 082 | 0 | 0 |
_a284.1092 _aB _221 _bSUE |
| 100 | 1 |
_aSuelflow, August Robert, _d1922- _94399 |
|
| 245 | 1 | 0 |
_aServant of the Word : _bthe life and ministry of C.F.W. Walther / _cAugust R. Suelflow. |
| 260 |
_aSt. Louis : _bConcordia Pub., _cc2001. |
||
| 300 |
_a299 p. ; _c24 cm. |
||
| 504 | _aIncludes bibliographical references and index. | ||
| 505 | 0 | _aIt began in Europe -- New horizons in America -- Light from above -- In unity of faith and spirit -- We believe, teach, and confess -- Other church cousins -- Love, honor, and respect -- Some glimpses into Walther's life -- Forever with the Lord. | |
| 600 | 1 | 0 |
_aWalther, C. F. W. _q(Carl Ferdinand Wilhelm), _d1811-1887. _94168 |
| 610 | 2 | 0 |
_aLutheran Church--Missouri Synod _xClergy _vBiography. _94680 |
| 906 |
_a7 _bcbc _corignew _d1 _eecip _f20 _gy-gencatlg |
||
| 942 |
_2ddc _cBK |
||
| 999 |
_c2272 _d2272 |
||